Spanish English Dictionary, (Record no. 6389)

MARC details
005 - DATE AND TIME OF LATEST TRANSACTION
control field 20250629141116.0
020 ## - INTERNATIONAL STANDARD BOOK NUMBER
International Standard Book Number 0-13-472820-3
082 ## - DEWEY DECIMAL CLASSIFICATION NUMBER
Classification number 463.21 CUY
100 ## - MAIN ENTRY--PERSONAL NAME
Author name CUYAS, A.
245 ## - TITLE STATEMENT
Title Spanish English Dictionary,
260 ## - PUBLICATION, DISTRIBUTION, ETC.
Place of publication, distribution, etc. New York,
Name of publisher, distributor, etc. Macmillan presses Ltd,
Date of publication, distribution, etc. 1969.
300 ## - PHYSICAL DESCRIPTION
Extent xxxii;306p:
Dimensions 18cm.
942 ## - ADDED ENTRY ELEMENTS (KOHA)
Source of classification or shelving scheme Dewey Decimal Classification
Koha item type Books
Holdings
Date last seen Total checkouts Full call number Barcode Cost, replacement price Price effective from Koha item type Lost status Source of classification or shelving scheme Damaged status Not for loan Withdrawn status Home library Current library Shelving location Date acquired Cost, normal purchase price
06/29/2025   463.21 CUY DOM004335 135000.00 06/29/2025 Books   Dewey Decimal Classification       CBE Dodoma CBE Dodoma Reference Collection 06/29/2001 35000.00
06/29/2025   463.21 CUY DOM004336 135000.00 06/29/2025 Books   Dewey Decimal Classification       CBE Dodoma CBE Dodoma Reference Collection 06/29/2001 35000.00
06/29/2025   463.21 CUY DOM004337 135000.00 06/29/2025 Books   Dewey Decimal Classification       CBE Dodoma CBE Dodoma Reference Collection 06/29/2001 35000.00
06/29/2025   463.21 CUY DOM004338 135000.00 06/29/2025 Books   Dewey Decimal Classification       CBE Dodoma CBE Dodoma Reference Collection 06/29/2001 35000.00